Workshop on Data Analysis Proceedings of the 7th International Student Workshop, Košice, Slovakia July 1 - 3, 2006 : WDA ´2006
Na minha lista:
| Outros Autores: | , , |
|---|---|
| Formato: | Livro |
| Idioma: | inglês |
| Publicado em: |
Košice :
Equilibria,
2006
|
| Tags: |
Sem tags, seja o primeiro a adicionar uma tag!
|
MARC
| LEADER | 00000nam a22000003a 4500 | ||
|---|---|---|---|
| 001 | stu286088 | ||
| 005 | 20150617230256.0 | ||
| 008 | 140313s--------xo------------------eng-d | ||
| 020 | |a 80-969224-8-3 | ||
| 040 | |a STU |b slo | ||
| 041 | 0 | |a eng | |
| 044 | |a xo | ||
| 100 | 1 | |a Butka, Peter |4 edt | |
| 245 | 1 | |a Workshop on Data Analysis Proceedings of the 7th International Student Workshop, Košice, Slovakia July 1 - 3, 2006 : |b WDA ´2006 | |
| 260 | |a Košice : |b Equilibria, |c 2006 | ||
| 300 | |a 109 s | ||
| 700 | 1 | |a Paralič, Ján |4 edt | |
| 700 | 1 | |a Rauber, Andreas |4 edt | |
| 996 | |c I*Z9984 |l I |s A |a 24 |w stu286088_0001 | ||